| 000 | 00672nam a2200157Ia 4500 | ||
|---|---|---|---|
| 008 | 090124s9999 xx 000 0 und d | ||
| 020 | _a81-88909-11-4 | ||
| 082 | _b45112 | ||
| 245 | _a सजीव पर्यावरण प्रतिक्रियाशास्त्र शब्दकोश | ||
| 250 | _a0 | ||
| 300 | _a288 | ||
| 630 | _a सजीव पर्यावरण प्रतिक्रियाशास्त्र शब्दकोश | ||
| 700 | _aसाळी चेतन शंकर | ||
| 730 | _a सजीव पर्यावरण प्रतिक्रियाशास्त्र शब्दकोश | ||
| 942 | _cBOOK | ||
| 999 |
_c111329 _d111329 |
||